000 00524nam a2200181Ia 4500
001 16766
005 20260306170335.0
008 260306t1981||||xx |||||||||||||| ||und||
041 _aESP
082 _a349.85
_bT78 1981
100 _aTrazegnies Granda, Fernando de
_eAUT
245 0 _aCiriaco de Urtecho:
_blitigante por amor: reflexiones sobre la polivalencia táctica del razonamiento jurídico
260 _c1981
300 _a213 páginas :
_c20 cm.
650 _aGEN
654 _aCDE
942 _cLIB
_dJUS
_fJUS
_2ddc
_n
999 _c16766
_d16766